| 000 | 00000cam 2200000zi 4500 |
| 001 | 9.962651 |
| 003 | CaOODSP |
| 005 | 20260511143324 |
| 006 | m o d f |
| 007 | cr |n||||||||| |
| 008 | 260507t20152015oncdab ob f|0| 0 eng d |
| 040 | |aCaOODSP|beng|erda|cCaOODSP |
| 043 | |an-cn-ns |
| 086 | 1 |aM183-2/7894E-PDF |
| 100 | 1 |aSales de Oliveira, C. E., |eauthor. |
| 245 | 10|aQuartz provenance in the Mesozoic of the eastern Scotian Basin / |cC.E. Sales de Oliveira, Y. Zhang, G. Pe-Piper, D.J.W. Piper, and R. Corney. |
| 264 | 1|a[Ottawa] : |bGeological Survey of Canada, |c2015. |
| 264 | 4|c©2015 |
| 300 | |a1 online resource (507 pages) : |bcharts, illustrations, maps. |
| 336 | |atext|btxt|2rdacontent |
| 337 | |acomputer|bc|2rdamedia |
| 338 | |aonline resource|bcr|2rdacarrier |
| 490 | 1 |aOpen file ; |v7894 |
| 504 | |aIncludes bibliographical references (pages 34-38). |
| 520 | |a"This study forms part of a joint project between the Geological Survey of Canada and Saint Mary’s University to evaluate an integrated approach of scanning electron microscope - backscattered electron (SEM-BSE) imaging, SEM - cathodoluminescense (SEM-CL) imaging, hot-cathode cathodoluminescense (HCL) imaging, and optical microscopic petrography on detrital quartz grains for provenance study in the eastern Scotian Basin. This report documents microscopic, SEM-BSE, SEM-CL and HCL images of selected quartz grains from sandstones in the Bandol-1 well. Different types of detrital quartz grains have been identified in this study: plutonic quartz, very-low-grade- to low-grade- metamorphic quartz (with brittle deformation), low-medium-grade- metamorphic quartz (with/without ductile deformation) and medium-highgrade- metamorphic quartz"--Preface, page 3. |
| 650 | 0|aBasins (Geology)|zNova Scotia. |
| 650 | 0|aQuartz|zNova Scotia|xAnalysis. |
| 650 | 6|aBassins (Géologie)|zNouvelle-Écosse. |
| 650 | 6|aQuartz|zNouvelle-Écosse|xAnalyse. |
| 710 | 2 |aGeological Survey of Canada, |eissuing body. |
| 830 | #0|aOpen file (Geological Survey of Canada)|v7894.|w(CaOODSP)9.506878 |
| 856 | 40|qPDF|s668 MB|uhttps://publications.gc.ca/collections/collection_2026/rncan-nrcan/m183-2/M183-2-7894-eng.pdf |
| 856 | 4 |qHTML|sN/A|uhttps://doi.org/10.4095/296834 |